|
|
|
|
| LEADER |
01175cam a2200265 a 4500 |
| 001 |
2997861 |
| 003 |
GR-PaULI |
| 005 |
20231101133244.0 |
| 008 |
930825s1995 nyua b 001 0 eng c |
| 010 |
|
|
|a 93035497
|
| 020 |
|
|
|a 0195088778
|
| 040 |
|
|
|a DNLM/DLC
|c DLC
|d DLC
|b gre
|e AACR2
|
| 082 |
0 |
4 |
|a 616.861 042
|2 23
|
| 245 |
0 |
4 |
|a The genetics of alcoholism /
|c edited by Henri Begleiter and Benjamin Kissin.
|
| 260 |
|
|
|a New York :
|b Oxford University Press,
|c 1995.
|
| 300 |
|
|
|a x, 400 σ. :
|b εικ. ;
|c 25 εκ.
|
| 490 |
1 |
|
|a Alcohol and alcoholism ;
|v 1
|
| 504 |
|
|
|a Περιλαμβάνει βιβλιογραφικές παραπομπές και ευρετήριο.
|
| 650 |
|
4 |
|a Αλκοολισμός
|x Γενετικές απόψεις.
|9 200657
|
| 700 |
1 |
|
|a Begleiter, Henri
|9 200658
|e επιμελητής.
|
| 700 |
1 |
|
|a Kissin, Benjamin,
|d 1917-
|9 200659
|e επιμελητής.
|
| 830 |
|
0 |
|a Alcohol and alcoholism (New York, N.Y.)
|v 1
|9 200660
|
| 942 |
|
|
|2 ddc
|c BK
|
| 952 |
|
|
|0 0
|1 0
|2 ddc
|4 0
|6 616_861000000000000_042_GEN
|7 0
|9 375081
|a LISP
|b LISP
|c BSC
|d 2023-11-01
|i 262284
|l 0
|o 616.861 042 GEN
|p 025000303494
|r 2023-11-01 00:00:00
|t 1
|w 2023-11-01
|y BK15
|
| 999 |
|
|
|c 218687
|d 218687
|